| 000 | 00642nam a22001817a 4500 | ||
|---|---|---|---|
| 003 | JO-AjAnu | ||
| 005 | 20241019083651.0 | ||
| 008 | 241019b jo ||||| |||| 00| 0 ara d | ||
| 040 | _cJO-AjAnu | ||
| 041 | _a ARA | ||
| 100 | 1 |
_aعميروش، بنيوس _966257 _eمؤلف |
|
| 245 | 2 | 0 |
_aالنحت الصرحي في العالم العربي : حدود التجسيم في الفضاء العمومي / _cتأليف بنيوس عميروش |
| 250 | _aالطبعة الاولى | ||
| 260 |
_aعمان: _bدار خطوط وظلال للنشر، _c2024 |
||
| 300 | _a220صفحة | ||
| 650 | 7 | 0 |
_aالنحت _966258 |
| 942 |
_2lcc _cBK _n0 |
||
| 999 |
_c33733 _d33733 |
||